[Event "Moscow Open RSSU Cup 2019"]
[Site "Moscow"]
[Date "2019.01.29"]
[Round "4"]
[White "Kokarev, Dmitry"]
[Black "Bryakin, Mikhail"]
[Result "1/2-1/2"]
[WhiteElo "2605"]
[BlackElo "2426"]
[Annotator "TA"]
[PlyCount "139"]
[EventDate "2019.01.26"]
[EventType "swiss"]
[EventCountry "RUS"]
[SourceTitle "playchess.com"]
[Source "ChessBase"]
[SourceQuality "1"]

{[%evp 14,139,26,0,18,0,0,0,19,21,25,20,20,4,17,7,23,20,15,8,17,17,23,12,45,27,22,3,8,2,25,29,54,53,50,27,21,21,34,34,34,34,34,27,27,27,27,27,36,27,27,12,28,27,39,0,30,22,24,0,51,51,51,51,43,39,52,18,39,39,72,72,72,72,72,72,72,72,72,48,48,48,48,48,48,48,48,48,48,48,49,49,49,49,49,49,49,49,49,49,49,49,49,49,49,49,49,49,49,49,49,49,49,49,49,48,48,48,91,48,48,48,48,48,48,48,48,48]} 1. e4 c6 2. Nc3 d5 3. Nf3 Bg4 4. h3 Bxf3 5. Qxf3 e6 6. g3 Nf6 7. Bg2 Nbd7 8. O-O Bc5 {B11: Caro-Kann: Two Knights Variation} 9. d3 O-O 10. Qe2 dxe4 {The position is equal.} (10... Bd4 11. Nd1 dxe4 12. dxe4 Qc7 13. c3 Bc5 14. Ne3 a5 {½-½ (46) Adams,M (2727)-Tari,A (2578) Heraklio 2017}) 11. Nxe4 $146 ({Predecessor:} 11. dxe4 e5 12. Nd1 Re8 13. Ne3 g6 14. a4 a5 15. Nc4 {1-0 (49) Sai,K (2339)-Ankit,R (2474) chess.com INT 2017}) 11... Nxe4 12. Qxe4 Nf6 13. Qe2 Re8 14. c3 e5 15. b4 Bf8 16. Rb1 Qd7 17. c4 a5 18. b5 Bc5 19. bxc6 bxc6 20. Bg5 Qd6 21. Rb7 Rab8 22. Rfb1 {[%cal Bf1b1,Bb1b7,Bb7c7][%mdl 32]} Rxb7 23. Rxb7 h6 24. Bxf6 Qxf6 25. Be4 g6 26. Rc7 Re6 27. Kg2 Kg7 28. a4 Qd8 29. Rxc6 Rxc6 30. Bxc6 Qd4 31. g4 Qf4 32. Bf3 Kf6 33. Qe1 Bb4 34. Qe2 Bc5 35. h4 Kg7 36. Qe1 Bb4 ({Black should play} 36... f5 $11) 37. Qe3 $14 Qxe3 38. fxe3 {[%mdl 4096] Endgame KB-KB} Bc5 39. Kf2 f5 40. Ke2 e4 41. dxe4 fxe4 42. Bxe4 g5 43. h5 Kf6 44. Kd3 Ke5 45. Bf5 Bb6 46. c5 Bxc5 47. e4 Bb4 48. Kc4 Kd6 49. Kb5 Be1 50. Kb6 Bd2 51. Kb7 Bc3 52. Kc8 {Threatens to win with Kd8.} Ke7 53. Kc7 Bd2 54. Kc6 Bf4 55. Kb5 Bd2 56. Kc5 Bf4 57. Bc8 Bg3 58. Kd5 Kf6 59. Kc6 Ke7 60. Ba6 Bf4 61. Bc4 Bg3 62. Bb3 Bf4 63. Kb6 Bd2 $1 64. e5 {[%cal Be4e5,Be5e6][%mdl 32]} Bc3 65. Kb5 Kd7 66. e6+ Ke7 {White is slightly better.} 67. Kc4 Bb4 68. Kd4 Kf6 69. Kd5 Ba3 70. Ke4 {Accuracy: White = 68%, Black = 73%.} 1/2-1/2

[Event "Moscow Open RSSU Cup 2019"]
[Site "Moscow"]
[Date "2019.01.29"]
[Round "4"]
[White "Mozharov, Mikhail"]
[Black "Dvalishvili, Pavel S."]
[Result "1-0"]
[WhiteElo "2549"]
[BlackElo "2396"]
[Annotator "TA"]
[PlyCount "89"]
[EventDate "2019.01.26"]
[EventType "swiss"]
[EventCountry "RUS"]
[SourceTitle "playchess.com"]
[Source "ChessBase"]
[SourceQuality "1"]

{[%evp 14,89,34,15,41,20,46,18,39,28,38,42,47,47,50,39,60,58,59,61,77,59,70,41,78,76,89,86,113,102,136,60,108,35,47,56,48,25,89,27,25,19,52,42,83,41,52,45,70,71,60,49,76,90,93,82,118,81,399,392,371,234,243,278,261,265,261,250,251,239,269,268,437,450,542,529,1038,1029]} 1. e4 e5 2. Nf3 Nc6 3. Bb5 a6 4. Ba4 Nf6 5. d3 {[%cal Bd2d3,Bd3d4][%mdl 32]} d6 6. c3 Be7 7. O-O O-O 8. Re1 Bd7 {C84: Closed Ruy Lopez: Unusual White 6th moves} (8... Re8 9. Nbd2 Bf8 10. Nf1 h6 11. Ng3 b5 12. Bb3 Be6 13. Bxe6 Rxe6 14. a4 b4 15. d4 d5 16. dxe5 Nxe4 17. c4 Nxe5 18. cxd5 Nxf2 19. Kxf2 Ng4+ 20. Kf1 Rxe1+ 21. Qxe1 Qxd5 22. Qe4 Qd1+ 23. Qe1 Qd5 24. Qe4 Qd1+ 25. Qe1 {½-½ (25) Vachier Lagrave,M (2780)-Naiditsch,A (2721) Douglas 2018}) 9. d4 Re8 10. h3 Bf8 {The position is equal.} 11. Nbd2 {[%cal Bb1d2,Bd2f1,Bf1g3][%mdl 32]} b5 12. Bc2 g6 13. Nf1 Bg7 14. Ng3 Qb8 $146 ({Predecessor:} 14... a5 15. d5 Nb8 16. a4 bxa4 17. Bxa4 Bxa4 18. Qxa4 {1-0 (46) Onischuk,V (2601)-Bordovsky,V (2382) Lutsk 2017}) 15. Bg5 h6 16. Be3 Qb7 17. Qd2 Kh7 18. Rad1 Rad8 19. Qc1 Re7 20. Nd2 Ng8 {[%cal Re5d4]} 21. Nb3 Rde8 22. Bd3 (22. d5 $16) 22... Qc8 23. f4 (23. d5 $16 Nd8 24. c4) 23... exf4 24. Bxf4 Nd8 25. Be3 Be6 (25... Nf6 $11 {remains equal.}) 26. Nd2 ({White should play} 26. Qd2 $16) 26... c5 $11 27. Qb1 cxd4 28. cxd4 Qb8 29. Nf3 Bc4 30. Bc2 $36 {[%mdl 2048] White is more active.} b4 31. b3 Bb5 32. h4 {[%cal Bh3h4,Bh4h5][%mdl 32]} Qc8 33. h5 {Black must now prevent e5!} Qg4 34. Bf2 Rf8 35. e5 dxe5 $2 {[%mdl 8192] [#]} (35... d5 $16 {is tougher.}) 36. dxe5 $18 Rd7 37. Re4 Rxd1+ 38. Qxd1 ({Don't do} 38. Bxd1 $6 Qd7) 38... Qc8 39. Rxb4 Ne7 40. a4 Bc6 41. Ne4 Bxe4 42. Bxe4 Ndc6 $2 (42... Ne6 43. Rc4 Rd8 44. hxg6+ fxg6) 43. Rc4 {White is clearly winning.} Qe6 44. hxg6+ Kh8 {[#]} 45. Ng5 $1 {[%mdl 576] Double Attack. Accuracy: White = 59%, Black = 45%.} 1-0

[Event "Moscow Open RSSU Cup 2019"]
[Site "Moscow"]
[Date "2019.01.29"]
[Round "4"]
[White "Korneev, Oleg"]
[Black "Babarykin, Stanislav"]
[Result "1/2-1/2"]
[WhiteElo "2545"]
[BlackElo "2411"]
[Annotator "TA"]
[PlyCount "60"]
[EventDate "2019.01.26"]
[EventType "swiss"]
[EventCountry "RUS"]
[SourceTitle "playchess.com"]
[Source "ChessBase"]
[SourceQuality "1"]

{[%evp 16,60,-1,-12,-12,-12,-12,-12,-12,-12,-10,-8,-2,-6,0,0,-6,-47,-47,-48,-7,-47,-47,-47,-47,-47,-39,-26,0,0,0,0,0,0,0,0,0,0,0,0,0,0,0,0,0,0,0]} 1. e4 e5 2. Nf3 Nf6 3. d4 Nxe4 4. Bd3 d5 5. dxe5 Be7 6. O-O O-O 7. Nc3 {C43: Petroff Defence: 3 d4} Nxc3 8. bxc3 c5 9. c4 {LiveBook: 3 Games} dxc4 10. Bxc4 Qxd1 11. Rxd1 Nc6 12. Bd5 Be6 13. c4 $146 ({Predecessor:} 13. Bxc6 bxc6 14. Bg5 Bxg5 15. Nxg5 {0-1 (41) Radjabov,T (2761)-Wang,Y (2739) Nice 2009}) 13... Rad8 14. Be3 Nb4 {[%cal Rb4d5]} 15. Bxe6 fxe6 16. Ng5 Bxg5 17. Bxg5 Rxd1+ 18. Rxd1 $15 {[%mdl 4096] Endgame KRB-KRN} Nc6 19. Be3 $1 b6 20. f4 g5 21. g3 gxf4 22. Bxf4 {The position is equal.} Rd8 23. Rxd8+ $1 Nxd8 $11 {KB-KN} 24. Kf2 Kf7 25. g4 Kg6 26. Ke3 Nc6 27. Ke4 Na5 28. Kd3 Nc6 29. Ke4 Na5 30. Kd3 Nc6 {Accuracy: White = 88%, Black = 60%.} 1/2-1/2

[Event "Moscow Open RSSU Cup 2019"]
[Site "Moscow"]
[Date "2019.01.29"]
[Round "4"]
[White "Khanin, Semen"]
[Black "Ponkratov, Pavel"]
[Result "1/2-1/2"]
[WhiteElo "2514"]
[BlackElo "2630"]
[Annotator "TA"]
[PlyCount "80"]
[EventDate "2019.01.26"]
[EventType "swiss"]
[EventCountry "RUS"]
[SourceTitle "playchess.com"]
[Source "ChessBase"]
[SourceQuality "1"]

{[%evp 11,80,5,16,0,29,0,0,0,0,0,0,0,0,8,4,-23,-29,-31,-41,-41,-31,-150,-77,-74,-80,-73,-93,-86,0,0,0,0,0,0,0,0,0,0,0,0,8,8,8,7,8,8,8,0,8,8,8,8,8,8,8,8,8,8,13,8,13,0,13,0,13,0,14,0,14,0,14]} 1. e4 e5 2. Bc4 Nf6 3. d3 Bc5 4. Nf3 d6 5. c3 O-O 6. O-O Bb6 {LiveBook: 27 Games} 7. Bb3 {C24: Bishop's Opening: 2...Nf6} Be6 (7... Nbd7 8. Nbd2 c6 9. Re1 Re8 10. Nf1 Nf8 11. Ng3 Ng6 12. h3 h6 13. d4 Bd7 14. Bc2 c5 15. dxe5 dxe5 {½-½ (25) Alekseev,E (2700)-Gelfand,B (2741) Astrakhan 2010}) 8. Bc2 Nbd7 9. h3 $146 ({Predecessor:} 9. Nbd2 Nh5 10. Nc4 Qf6 11. Nfxe5 Nxe5 12. Nxe5 Qxe5 13. d4 {1-0 (42) Lorenz,N (1810)-Sturm,J (1490) Osnabrueck 2011}) 9... h6 10. Re1 Re8 11. d4 {And now d5 would win.} c6 12. Be3 d5 {[%cal Bd6d5,Bd5e4][%mdl 32]} 13. dxe5 dxe4 14. exf6 exf3 15. fxg7 Bd5 16. c4 {[#]} (16. Bxh6 $2 Bxf2+ $1 {[%mdl 512]} 17. Kxf2 Qh4+ 18. g3 Qxh3 $19) (16. Bxb6 $15 Rxe1+ 17. Qxe1 Nxb6 18. b3) 16... Rxe3 (16... Bxe3 $142 $1 17. cxd5 Bxf2+ 18. Kxf2 Qh4+ 19. g3 Qxh3 20. Kxf3 (20. Rxe8+ $2 Rxe8 21. Qxf3 Qh2+ 22. Kf1 Qxc2 $19) 20... Ne5+ 21. Kf4 cxd5) 17. Rxe3 $17 Qg5 {[%csl Gd5,Gf3][%cal Rg5g2]} 18. Rxf3 ({But not} 18. g4 $2 Bxe3 19. cxd5 Qf4 $19) 18... Bxf3 19. Qxf3 {[#]} Qc1+ (19... Ne5 $1 $17 {[%cal Re5f3]} 20. Qe2 Qc1+ 21. Kh2 Qf4+ 22. g3 Qxc4 23. Qxc4 Nxc4) 20. Qd1 $11 {The position is equal.} Qxb2 21. Nd2 $36 {[%mdl 2048] White has the initiative.} Nf6 {Hoping for ...Rd8.} 22. Rb1 Qd4 23. Ne4 $1 Qxd1+ 24. Rxd1 Nxe4 $1 25. Bxe4 Rd8 26. Rxd8+ Bxd8 {[%mdl 4096] Endgame KB-KB} 27. Bf5 b5 28. cxb5 cxb5 29. f4 (29. g3 {looks sharper.} Kxg7 30. f4 Kf6 31. Bd7 b4 32. Kf2) 29... Kxg7 30. Kf2 Kf6 31. g4 b4 32. Ke3 Kg7 33. Ke4 Bc7 34. Bd7 Bd6 35. Bc6 Bc7 36. Bd7 Bd6 37. Bc6 Bc7 38. Bd7 Bd6 39. Bc6 Bc7 40. Bd7 Bd6 {Accuracy: White = 56%, Black = 70%.} 1/2-1/2

[Event "Moscow Open RSSU Cup 2019"]
[Site "Moscow"]
[Date "2019.01.29"]
[Round "4"]
[White "Afanasiev, Nikita"]
[Black "Suleymenov, Alisher"]
[Result "1-0"]
[WhiteElo "2508"]
[BlackElo "2404"]
[Annotator "TA"]
[PlyCount "103"]
[EventDate "2019.01.26"]
[EventType "swiss"]
[EventCountry "RUS"]
[SourceTitle "playchess.com"]
[Source "ChessBase"]
[SourceQuality "1"]

{[%evp 10,102,19,6,23,16,19,0,0,0,0,-37,-8,-8,-7,-31,-30,-41,-24,-37,-26,-68,-50,-56,-44,-66,0,0,0,0,0,0,7,-32,-33,-33,-25,-37,-29,-10,12,18,32,35,161,137,167,158,147,161,164,115,119,122,268,260,254,231,246,234,235,213,245,235,234,228,327,310,320,328,317,319,528,520,485,296,311,309,309,306,295,0,295,295,304,292,668,285,675,660,659,658,29991,29980,29999]} 1. e4 e6 2. d4 d5 3. Nc3 Bb4 4. exd5 exd5 5. Bd3 Nf6 6. Nge2 O-O {C01: French: Exchange Variation} 7. a3 (7. O-O c6 8. Bg5 h6 9. Bh4 Re8 10. f3 Nbd7 11. Qd2 Nf8 12. Rae1 Bd6 13. Bg3 Ng6 14. Bxd6 Qxd6 15. Bxg6 fxg6 {1-0 (39) Aronian,L (2767)-Caruana,F (2822) chess.com INT 2018}) 7... Bd6 8. Bg5 c6 {The position is equal.} 9. Qd2 Re8 $146 ({Predecessor:} 9... Bg4 10. f3 Bh5 11. Nf4 Bg6 12. Nxg6 hxg6 13. Ne2 Nbd7 14. h4 {1-0 (64) Maghsoodloo,P (2685)-Suleymenov,A (2331) St Petersburg 2018}) 10. O-O-O Nbd7 11. Ng3 Nf8 12. Nf5 Bxf5 13. Bxf5 b5 14. Rhe1 Rxe1 15. Rxe1 b4 16. axb4 Bxb4 17. Qd3 Rb8 (17... a5 $15) 18. Re2 Bd6 19. Qa6 h6 20. Bd2 Qc7 21. Na4 Bf4 $1 22. g3 Bxd2+ 23. Kxd2 g6 24. Bd3 Ne6 25. c3 Ng5 26. Kc2 Nfe4 ({Black should play} 26... Nd7 $14) 27. f4 $36 {[%mdl 2048] Black is under strong pressure.} Ne6 28. Bxe4 dxe4 29. Rxe4 Rb5 30. Re5 Qd7 31. b4 Nxd4+ (31... Rxe5 $16 32. fxe5 Qd5) 32. cxd4 $18 Rxb4 33. Nc3 Rxd4 34. Qe2 Kg7 35. Rc5 Kh7 36. Qe3 Rb4 37. Re5 Qh3 (37... Rd4 $142 38. f5 Qd6 39. fxg6+ Kxg6) 38. Qxa7 Kg7 39. Qc5 Rb8 40. Re2 ({Don't do} 40. Qxc6 Qxh2+ 41. Ne2 Qh3 $18) 40... Rc8 $2 (40... Rd8 41. Qxc6 Qf5+ 42. Qe4 Qc8) 41. Qe5+ Kg8 42. Qf6 Qf1 43. Qd4 Ra8 44. Qc4 {[#] Threatens to win with Re8+!} Kg7 45. Qd4+ Kg8 46. Qd3 Qa1 47. Qd7 Ra7 $2 (47... Qh1 48. f5 Qf3 49. fxg6 fxg6 50. Qe6+ Kg7) 48. Qd1 (48. Qd8+ $142 Kh7 49. Re8 Ra2+ 50. Nxa2 Qxa2+ 51. Kd3 Qb3+ 52. Ke2 Qb2+ 53. Qd2 Qb5+ 54. Kf2) 48... Qa5 $2 (48... Qxd1+ 49. Nxd1 h5) 49. Re8+ Kh7 50. Qd4 {[%csl Gd4][%cal Re8h8] [#]} Qf5+ 51. Kd2 {[%csl Gd4][%cal Re8h8]} Rd7 52. Rh8# {Accuracy: White = 56%, Black = 40%.} 1-0

[Event "Moscow Open RSSU Cup 2019"]
[Site "Moscow"]
[Date "2019.01.29"]
[Round "4"]
[White "Drygalov, Andrey"]
[Black "Nikitenko, Mihail"]
[Result "1/2-1/2"]
[WhiteElo "2485"]
[BlackElo "2402"]
[Annotator "ChessBase"]
[PlyCount "140"]
[EventDate "2019.01.26"]
[EventType "swiss"]
[EventCountry "RUS"]
[SourceTitle "playchess.com"]
[Source "ChessBase"]
[SourceQuality "1"]
[TimeControl "40/5400+30:1800+30"]

1. e4 {[%emt 0:00:00]} e5 {[%emt 0:00:00]} 2. Nf3 {[%emt 0:00:19]} Nc6 3. Bc4 {[%emt 0:00:02]} Bc5 {[%emt 0:00:03]} 4. O-O {[%emt 0:00:07]} Nf6 {[%emt 0:00:07]} 5. d3 {[%emt 0:00:01]} d6 {[%emt 0:00:15]} 6. c3 {[%emt 0:00:04]} a6 {[%emt 0:00:07]} 7. a4 {[%emt 0:00:15]} h6 {[%emt 0:00:11]} 8. Re1 {[%emt 0:00:11]} O-O {[%emt 0:00:23]} 9. h3 {[%emt 0:00:04]} Be6 {[%emt 0:01:56]} 10. Bxe6 {[%emt 0:00:35]} fxe6 {[%emt 0:00:07]} 11. b4 {[%emt 0:00:01]} Ba7 {[%emt 0:00:13]} 12. Nbd2 {[%emt 0:00:04]} Qe8 {[%emt 0:01:47]} 13. Nf1 {[%emt 0:00:25]} Nh5 {[%emt 0:00:42]} 14. Be3 {[%emt 0:00:07]} Bxe3 {[%emt 0:00:54]} 15. Rxe3 {[%emt 0:00:04]} Nf4 {[%emt 0:06:45]} 16. Kh2 {[%emt 0:04:17]} Qh5 {[%emt 0:06:25]} 17. Ng3 {[%emt 0:04:17]} Qf7 {[%emt 0:00:09]} 18. Rb1 {[%emt 0:10:36]} a5 {[%emt 0:00:53]} 19. b5 {[%emt 0:02:39]} Nb8 {[%emt 0:00:11]} 20. d4 {[%emt 0:04:09]} Nd7 {[%emt 0:01:01]} 21. Nf1 {[%emt 0:02:20]} g5 {[%emt 0:06:06]} 22. dxe5 {[%emt 0:15:20]} dxe5 {[%emt 0:00:39]} 23. g3 {[%emt 0:05:16]} Ng6 {[%emt 0:00:17]} 24. Rb2 {[%emt 0:03:47]} Qe7 {[%emt 0:15:35]} 25. Kg2 {[%emt 0:04:42]} Rf7 {[%emt 0:02:49]} 26. Ne1 {[%emt 0:03:52]} Raf8 {[%emt 0:00:48]} 27. Nd3 {[%emt 0:04:44]} Kh7 {[%emt 0:05:00]} 28. Nd2 {[%emt 0:05:06]} b6 {[%emt 0:11:31]} 29. Nc4 {[%emt 0:03:50]} Qf6 {[%emt 0:05:35]} 30. Rd2 {[%emt 0:03:39]} Rg7 {[%emt 0:02:52]} 31. Kh2 {[%emt 0:01:46]} Rfg8 {[%emt 0:00:41]} 32. Re1 {[%emt 0:02:28]} Kh8 {[%emt 0:03:43]} 33. Ne3 {[%emt 0:00:33]} h5 {[%emt 0:03:38]} 34. Qxh5+ {[%emt 0:04:32]} Rh7 {[%emt 0:00:04]} 35. Qd1 {[%emt 0:01:52]} Nf4 {[%emt 0:05:28]} 36. Nxf4 {[%emt 0:00:15]} gxf4 {[%emt 0:13:10]} 37. Ng4 {[%emt 0:00:48]} Qg7 {[%emt 0:00:03]} 38. Kg2 {[%emt 0:01:34]} Rf8 {[%emt 0:00:49]} 39. f3 fxg3 {[%emt 0:01:06]} 40. Re3 {[%emt 0:00:00]} Nf6 {[%emt 0:00:00]} 41. Red3 {[%emt 0:16:44]} Nh5 {[%emt 0:17:32]} 42. Rd8 Nf4+ 43. Kxg3 {[%emt 0:01:41]} Rxh3+ {[%emt 0:00:34]} 44. Kf2 {[%emt 0:00:04]} Rh2+ 45. Nxh2 {[%emt 0:07:54]} Nh3+ {[%emt 0:00:09]} 46. Ke2 {[%emt 0:01:12]} Qg2+ {[%emt 0:02:03]} 47. Kd3 {[%emt 0:02:10]} Rxd8+ {[%emt 0:00:05]} 48. Kc2 {[%emt 0:00:08]} Rxd2+ {[%emt 0:06:02]} 49. Qxd2 {[%emt 0:00:13]} Nf2 {[%emt 0:03:28]} 50. Qh6+ {[%emt 0:01:41]} Kg8 {[%emt 0:00:04]} 51. Qxe6+ {[%emt 0:00:05]} Kh7 {[%emt 0:00:19]} 52. Qf7+ {[%emt 0:02:51]} Kh6 {[%emt 0:00:16]} 53. Qf6+ {[%emt 0:00:12]} Kh7 {[%emt 0:00:12]} 54. Qf7+ {[%emt 0:00:04]} Kh6 {[%emt 0:00:04]} 55. Qf6+ {[%emt 0:00:04]} Kh7 {[%emt 0:00:03]} 56. Qh4+ {[%emt 0:02:14]} Kg6 {[%emt 0:00:18]} 57. Kb3 {[%emt 0:00:29]} Nd3 {[%emt 0:04:15]} 58. Qg4+ {[%emt 0:06:53]} Qxg4 {[%emt 0:00:04]} 59. Nxg4 {[%emt 0:00:05]} Kg5 {[%emt 0:00:17]} 60. Kc4 {[%emt 0:00:09]} Nb2+ {[%emt 0:00:04]} 61. Kb3 {[%emt 0:00:03]} Nd3 {[%emt 0:00:04]} 62. Kc4 {[%emt 0:00:32]} Nb2+ {[%emt 0:00:04]} 63. Kd5 {[%emt 0:01:36]} Nxa4 {[%emt 0:00:04]} 64. Nxe5 {[%emt 0:00:27]} Nxc3+ {[%emt 0:01:58]} 65. Kc6 {[%emt 0:00:12]} Kf6 {[%emt 0:03:42]} 66. Nc4 {[%emt 0:00:35]} Ke7 {[%emt 0:00:10]} 67. Kxc7 {[%emt 0:01:07]} Nxb5+ {[%emt 0:00:04]} 68. Kxb6 {[%emt 0:00:06]} Nd4 {[%emt 0:00:02]} 69. f4 {[%emt 0:00:51]} Ne2 {[%emt 0:00:12]} 70. Kxa5 {[%emt 0:00:19]} Nxf4 {[%emt 0:00:05]} 1/2-1/2

[Event "Moscow Open RSSU Cup 2019"]
[Site "Moscow"]
[Date "2019.01.29"]
[Round "4"]
[White "Zakhartsov, Vladimir"]
[Black "Goganov, Aleksey"]
[Result "1-0"]
[WhiteElo "2483"]
[BlackElo "2612"]
[Annotator "TA"]
[PlyCount "121"]
[EventDate "2019.01.26"]
[EventType "swiss"]
[EventCountry "RUS"]
[SourceTitle "playchess.com"]
[Source "ChessBase"]
[SourceQuality "1"]

{[%evp 28,121,0,0,0,0,0,0,0,0,0,0,0,-10,-12,-19,0,-4,0,-9,-4,-4,0,0,92,86,98,83,144,134,140,141,166,162,185,185,179,184,187,180,179,176,175,166,170,161,162,138,141,125,185,173,191,169,179,172,167,165,165,154,213,222,646,621,750,750,701,725,513,561,312,287,6079,5489,29969,29969,29974,29975,29975,29976,29976,29977,29977,29978,29978,29979,29979,29980,29980,29981,29981,29982,29982,29983,29983,29984]} 1. c4 c6 2. d4 d5 3. cxd5 cxd5 4. Nf3 Nc6 5. Nc3 Nf6 6. Bf4 Bf5 7. e3 e6 8. Bd3 Bxd3 9. Qxd3 Be7 10. h3 O-O 11. O-O Rc8 12. Rfc1 a6 13. Ne5 Nxe5 {D14: Slav Defence: Exchange variation with ...Bf5} 14. Bxe5 Nd7 15. Bg3 {[#] LiveBook: 6 Games} g6 $146 {The position is equal.} ({Predecessor:} 15... Nb6 16. Ne2 Qd7 17. Rxc8 Rxc8 18. Rc1 h5 19. Rxc8+ Qxc8 20. b3 h4 21. Bf4 {½-½ (33) Ivanov,M (2450)-Bu,X (2644) Deizisau 2007}) 16. Rc2 Nb6 17. Rac1 Qd7 18. Nb1 Rxc2 19. Rxc2 Rc8 20. Rxc8+ Qxc8 21. Qc3 Qxc3 22. Nxc3 $11 {[%mdl 4096] Endgame KBN-KBN} Bb4 23. Nb1 Nc4 24. b3 Nb2 25. Bc7 Nd3 (25... Nd1 $1 $11) 26. a3 Be7 27. Kf1 $1 Nc1 (27... Bh4 $142) 28. Ke1 $1 $16 Nxb3 29. Kd1 $1 f6 30. Kc2 Nc5 31. dxc5 Bxc5 32. Ba5 Kf7 33. Bb4 Ba7 34. Nd2 e5 35. Nb3 b6 36. f3 Ke6 37. e4 Bb8 38. a4 Bd6 {[#]} (38... f5 $16 {might work better.}) 39. exd5+ $1 $18 Kxd5 40. Bxd6 Kxd6 {KN-KP} 41. Nd2 Kd5 42. Ne4 Ke6 43. Kd3 h6 (43... Ke7 $16 {was worth a try.} 44. Kc4 f5) 44. Nc3 Kd6 $2 (44... f5 45. Kc4 Kd6) 45. g4 f5 46. gxf5 gxf5 47. h4 {[%cal Bh3h4,Bh4h5][%mdl 32]} Kc5 48. h5 b5 {[#]} 49. a5 $1 b4 $2 (49... Kb4 50. Kc2 Kxa5) 50. Nd1 e4+ 51. fxe4 {White mates.} fxe4+ 52. Kxe4 {KN-K3P} b3 53. Kd3 Kb4 54. Ne3 Kxa5 55. Kc3 Ka4 56. Kb2 Kb4 57. Nf5 a5 58. Nxh6 a4 59. Nf5 a3+ 60. Kb1 Kc3 61. Ne3 {Accuracy: White = 85%, Black = 45%.} 1-0

[Event "Moscow Open RSSU Cup 2019"]
[Site "Moscow"]
[Date "2019.01.29"]
[Round "4"]
[White "Golubov, Saveliy"]
[Black "Bykov, Oleg"]
[Result "1/2-1/2"]
[WhiteElo "2482"]
[BlackElo "2395"]
[Annotator "TA"]
[PlyCount "80"]
[EventDate "2019.01.26"]
[EventType "swiss"]
[EventCountry "RUS"]
[SourceTitle "playchess.com"]
[Source "ChessBase"]
[SourceQuality "1"]

{[%evp 11,80,1,8,8,69,-78,-68,-86,-67,-89,-89,-87,-89,-101,-89,-94,-104,-89,-93,-99,-87,-170,-197,-278,-283,-285,-258,-289,-277,-317,-258,-257,-269,-245,0,0,57,8,8,8,8,8,5,5,5,0,0,-38,-23,-23,-18,-32,0,0,0,0,0,0,0,-11,-10,-9,-8,-33,0,-2,0,0,0,0,0]} 1. c4 ({Predecessor:} 1. Nf3 Nc6 2. c4 e5 3. Nc3 {½-½ (77) Sitnikov,A (2458)-Nabaty,T (2421) Elkana 2007}) 1... Nf6 $146 (1... e5 2. Nc3 {½-½ (27) So,W (2776)-Melkumyan,H (2660) Douglas 2018}) 2. Nc3 e5 3. Nf3 Nc6 4. e3 Bb4 5. Qc2 O-O 6. Nd5 Re8 7. Ng5 {A28: English Opening: Four Knights Variation} (7. Qf5 Be7 8. Nxe5 Nb4 9. Nxb4 Bxb4 10. Nf3 d5 11. Qd3 Bf8 12. Be2 c5 13. O-O b6 14. b3 Bb7 15. Bb2 {½-½ (27) So,W (2776)-Melkumyan,H (2660) Douglas 2018}) 7... e4 ({Better is} 7... g6 $11) 8. Nxb4 (8. h4 $14 {stays ahead.}) 8... Nxb4 $17 9. Qb3 {Black is slightly better.} a5 10. a3 Na6 {[%cal Bb4a6,Ba6c5,Bc5d3][%mdl 32]} 11. d4 ({Predecessor:} 11. Qc3 Nc5 12. b3 a4 13. b4 Nb3 14. Rb1 d5 15. Rxb3 axb3 {½-½ (77) Sitnikov,A (2458)-Nabaty,T (2421) Elkana 2007}) 11... exd3 12. Bxd3 Nc5 13. Qc2 {[%cal Rd3h7]} Nxd3+ 14. Qxd3 h6 15. Nf3 d5 16. cxd5 {[#]} (16. O-O $17 {was worth a try.}) 16... b6 $1 $19 (16... Qxd5 17. Qxd5 Nxd5 18. O-O $15) (16... Nxd5 17. O-O $15) 17. Bd2 (17. b4 $142) 17... Ba6 ({Less strong is} 17... Qxd5 18. Qxd5 Nxd5 19. O-O $15) (17... Nxd5 18. Qc2 $17) 18. Qc2 Qxd5 19. Bc3 Ne4 20. Rd1 Qe6 21. Be5 Qg4 22. Rd4 {[#]} f5 $2 ({Don't play} 22... Qxg2 23. Rg1 $17) (22... Bb7 $1 $19 23. Bg3 c5) 23. Rg1 $1 $36 {[%mdl 2048] Qc6 is the strong threat. White fights for an advantage.} Rad8 ({Black should play} 23... Re7 $1 $11) 24. Qc6 Kh7 25. h3 Qg6 26. Qxg6+ Kxg6 27. g4 {And now gxf5+ would win.} ({Don't blunder} 27. Bxc7 $2 Rc8 $19) 27... Rxd4 28. Bxd4 {[#]} f4 $1 {[%mdl 512]} 29. h4 (29. g5 $5) (29. exf4 Ng5+) 29... c5 30. Be5 fxe3 31. fxe3 Rd8 32. h5+ Kf7 33. g5 Rd3 34. Bf4 {Black must now prevent Ne5+.} Rb3 $1 {[%cal Rb3b2]} 35. Rg2 hxg5 36. Nxg5+ Nxg5 37. Bxg5 Rd3 38. Rf2+ {The position is equal.} Kg8 39. Rd2 Rxd2 40. Kxd2 a4 {Accuracy: White = 49%, Black = 63%.} 1/2-1/2